| 000 | 01169nam a22002777a 4500 | ||
|---|---|---|---|
| 005 | 2010101908158.0 | ||
| 008 | 101019t xxu||||| |||| 00| 0 hin d | ||
| 010 | _aHIN-96234 | ||
| 020 |
_c150.00 _a9788189982508 |
||
| 035 | _aHN-68580 | ||
| 037 | _bDBAD / PUB | ||
| 040 |
_aDPL _bHN |
||
| 082 | _a425 | ||
| 100 |
_923632 _aतिवारी,भोलानाथ |
||
| 245 |
_aव्यावसायिक हिन्दी / _cभोलानाथ तिवारी एवंम महेन्द्र चतुर्वेदी |
||
| 260 |
_aदिल्ली _bआर्य प्रकाशन _c2011 |
||
| 270 |
_bदिल्ली _a9/221, सरस्वती भंडार ,गांधीनगर _e110031 |
||
| 300 | 1 |
_a116पृ. _c22सेमी (सजिल्द) |
|
| 650 | _9657 | ||
| 650 | _934273 | ||
| 700 |
_948690 _aचतुर्वेदी,महेन्द्र |
||
| 710 | _934811 | ||
| 710 | _935049 | ||
| 942 |
_2ddc _cHN _mतिवारी _h425 |
||
| 999 |
_c67695 _d67695 |
||